La religion des égyptiens

Guardat en:
Dades bibliogràfiques
Autor principal: Erman, Adolphe (Autor)
Format: Llibre
Idioma:francès
Publicat: París Payot 1937
Col·lecció:Bibliotheque Historique
Matèries:
Etiquetes: Afegir etiqueta
Sense etiquetes, Sigues el primer a etiquetar aquest registre!

MARC

LEADER 00000nam a2200000 a 4500
001 UCP5463
003 CL-VaPUC
008 990910e19370000FR |||||||||||||||||fre|d
082 0 4 |a 299.31  |b ERM  |2 21 
100 0 |a Erman, Adolphe  |e author  |9 433876 
245 1 3 |a La religion des égyptiens 
300 |a 514 p 
942 |c BK 
945 |d 19990910 00:00:00  |a crobeson 
260 |a París  |b Payot  |c 1937 
650 0 |a Religiones antiguas  |9 314285 
650 7 |a MITOLOGIA EGIPCIA  |2 CL-VaPUC  |9 413070 
650 7 |a DIOSES EGIPCIOS  |2 CL-VaPUC  |9 433877 
650 0 |a Cosmología  |9 269138 
650 7 |a RELIGIONES PRIMITIVAS  |2 CL-VaPUC  |9 433878 
650 0 |a Teología   |9 258766 
650 7 |a ORACULOS  |2 CL-VaPUC  |9 333798 
650 0 |a Moral  |9 265913 
651 0 |a Egipto   |9 268199 
583 |a last modification  |c 19990910 00:00:00  |k Rodrigo Vera 
490 0 |a Bibliotheque Historique 
999 |c 283208  |d 283206 
952 |0 0  |1 0  |4 0  |6 299_310000000000000_ERM_1937  |7 0  |8 X  |9 326101  |a BIBHIS  |b BIBHIS  |d 2019-11-20  |i 1357484  |o 299.31 ERM 1937  |p 1357484  |r 2024-01-30  |w 2019-11-20  |y BK_X  |k HIS 
952 |0 0  |1 0  |4 0  |6 299_310000000000000_ERM_1937  |7 0  |8 X  |9 326102  |a BIBHIS  |b BIBHIS  |d 2019-11-20  |i 1357492  |o 299.31 ERM 1937  |p 1357492  |r 2024-01-30  |w 2019-11-20  |y BK_X  |k HIS